[Event "5th Nebesna Sotnya Rapid 2018"]
[Site "Lutsk"]
[Date "2018.02.18"]
[Round "10"]
[White "Vetoshko, Volodymyr"]
[Black "Grekh, Andrey"]
[Result "1/2-1/2"]
[WhiteElo "2520"]
[BlackElo "2352"]
[Annotator "TA"]
[PlyCount "30"]
[EventDate "2018.??.??"]
[EventType "swiss"]
[EventCountry "UKR"]
[SourceTitle "playchess.com"]
[Source "ChessBase"]
[SourceQuality "1"]

{[%evp 15,17,17,52,13]} 1. e4 c5 2. Nf3 {[%cal Bg1f3,Bf3d4,Bd4c6][%mdl 32]} e6 3. d4 cxd4 4. Nxd4 Nc6 5. Nc3 Qc7 6. Be3 a6 7. Qf3 {B48: Sicilian: Taimanov: 5 Nc3 Qc7 6 Be3 a6 without Be2} (7. Qd2 Nf6 8. f4 Bb4 9. Bd3 Na5 10. a3 Bxc3 11. Qxc3 Qxc3+ 12. bxc3 d5 13. exd5 exd5 14. Nb3 Nc4 15. Bd4 Ne4 {1-0 (57) Carlsen,M (2834)-Matlakov,M (2718) Wijk aan Zee 2018}) 7... Nf6 8. O-O-O Be7 {LiveBook: 72 Games} 9. Nxc6 {Predecessor:} bxc6 $146 10. g4 d5 11. g5 dxe4 12. Nxe4 Nd5 13. Bd2 e5 14. h4 Nf4 15. Bxf4 exf4 {1-0 (31) Alvarez Pedraza,A (2490)-Prasca Sosa,R (2420) Panama City 2013} 1/2-1/2

[Event "5th Nebesna Sotnya Rapid 2018"]
[Site "Lutsk"]
[Date "2018.02.18"]
[Round "10"]
[White "Omelja, Artem"]
[Black "Golubka, Petro"]
[Result "0-1"]
[WhiteElo "2445"]
[BlackElo "2422"]
[Annotator "TA"]
[PlyCount "54"]
[EventDate "2018.??.??"]
[EventType "swiss"]
[EventCountry "UKR"]
[SourceTitle "playchess.com"]
[Source "ChessBase"]
[SourceQuality "1"]

{[%evp 9,54,57,60,-2,-2,14,37,44,47,20,19,27,19,14,20,23,28,-82,-60,-123,-119,-104,-95,-99,-50,-93,-24,-88,-69,-81,-48,-87,-68,-108,-52,-107,-63,-105,-80,-82,-93,-299,-303,-291,-277,-1512,-1495]} 1. d4 d6 2. c4 e5 3. Nf3 e4 4. Ng5 Nf6 {[%cal Bg8f6,Bf6h5,Bh5g3][%mdl 32]} 5. Nc3 Bf5 {LiveBook: 101 Games} 6. h4 {A54: Old Indian Defence with Nf3, but without e4} ({White should try} 6. g4 $14 Bxg4 7. Qb3 (7. Ngxe4 Nxe4 8. Nxe4 Nc6 $11) (7. Ncxe4 Nbd7 $11)) 6... h6 $11 7. Nh3 g6 $146 ({Predecessor:} 7... c6 8. Nf4 a6 9. e3 b5 10. Qb3 Nbd7 11. cxb5 axb5 12. d5 Nc5 13. Qb4 Bd7 14. dxc6 Bxc6 15. Bxb5 {½-½ (32) Kovacs,G (2499)-Czebe,A (2499) Hungary 2008}) 8. f3 {White is slightly better.} exf3 9. gxf3 Nh5 $1 {[%cal Rh5g3]} 10. Nf4 Ng3 11. Rh2 $1 Nxf1 12. Kxf1 Bg7 13. h5 {[#]} (13. e4 $11 Bd7 14. Be3) 13... g5 $1 $36 {[%cal Rg5f4][%mdl 2048] Black has some pressure.} 14. Ng2 ({White should play} 14. e4 $15) 14... Nc6 15. Be3 Qd7 16. Bf2 Bh3 (16... Bh7 {with more complications.} 17. Rc1 O-O-O 18. a3 Ne7 19. b4 Kb8) 17. Kg1 Bxg2 (17... O-O-O $17) 18. Kxg2 (18. Rxg2 $11 O-O-O 19. Rc1) 18... f5 {[%cal Bf7f5,Bf5f4,Bf4f3][%mdl 32]} 19. e3 O-O 20. Rh1 Kh8 21. Rc1 a6 (21... f4 $17 22. e4 Rae8) 22. b3 (22. Ne2 $15) 22... Rae8 23. Qd3 f4 {Hoping for ...fxe3.} 24. e4 g4 25. fxg4 $2 {[#]} (25. Rcf1 $17 {was worth a try.}) 25... Qxg4+ 26. Kf1 f3 27. Rh2 $2 (27. Rg1 Qh3+ 28. Ke1) 27... Qf4 {Precision: White = 19%, Black = 55%.} 0-1

[Event "5th Nebesna Sotnya Rapid 2018"]
[Site "Lutsk"]
[Date "2018.02.18"]
[Round "10"]
[White "Mischuk, Dmitry"]
[Black "Galperin, Platon"]
[Result "1/2-1/2"]
[WhiteElo "2439"]
[BlackElo "2273"]
[Annotator "TA"]
[PlyCount "76"]
[EventDate "2018.??.??"]
[EventType "swiss"]
[EventCountry "UKR"]
[SourceTitle "playchess.com"]
[Source "ChessBase"]
[SourceQuality "1"]

{[%evp 9,76,17,13,17,29,0,9,4,12,-14,-18,-41,-44,-42,-32,-32,-41,-38,-27,-31,-28,-58,-41,-55,-56,-74,-79,-81,-64,-81,-69,-67,76,70,72,83,77,83,144,140,133,133,191,186,170,134,160,116,170,68,97,33,59,0,0,0,0,0,0,0,0,0,0,0,0,0,0,0,0]} 1. e4 e6 2. d4 d5 3. Bd3 Nc6 4. Nf3 Nb4 5. O-O Nf6 (5... Nxd3 6. cxd3 Nf6 7. Nc3 Be7 8. Bf4 O-O 9. Rc1 c6 10. Re1 b6 11. Qb3 Bb7 12. exd5 exd5 {1-0 (34) Onischuk,V (2614)-Firman,N (2519) Lutsk 2016}) 6. e5 {C01: French: Exchange Variation} Nxd3 $146 ({Predecessor:} 6... Nd7 7. a3 Nxd3 8. Qxd3 c5 9. c3 Qb6 10. b4 c4 11. Qe3 Be7 {½-½ (30) Burmeister,W (1725)-Pross,B (1694) Germany 2002}) 7. cxd3 Ng8 8. Nc3 Ne7 9. Bg5 h6 10. Bxe7 Bxe7 11. Rc1 a6 12. Qc2 b6 13. Ne2 Ra7 14. Nf4 O-O 15. g3 Bd7 16. Qe2 c5 17. b3 a5 18. a4 Rc7 19. Rc2 Qe8 20. Rfc1 f5 {[#]} (20... Qa8 $15 {stays ahead.}) 21. exf6 $1 $16 Rxf6 22. Ne5 Bd6 23. dxc5 Rxc5 (23... bxc5 $142 24. d4 c4) 24. d4 Rxc2 25. Rxc2 b5 (25... Bxe5 $16 26. Qxe5 (26. dxe5 Rf7 $14) 26... b5) 26. Nxd7 $18 Qxd7 27. Qxb5 Qf7 28. Nd3 ({Stronger than} 28. Qxa5 Bxf4 29. Rc8+ Kh7 $17) 28... Qh5 {[#]} (28... Qg6 $16 {was called for.}) 29. Rc1 (29. Qxa5 $6 Qd1+ 30. Ne1 Qxd4 $14) (29. Rd2 $1 $18) 29... Qf3 30. Rf1 (30. Re1 $16) 30... Qe4 $14 31. Ne5 (31. Rd1 $14) 31... Qxd4 $11 {The position is equal.} 32. Qe8+ Kh7 $1 33. Nd7 $1 $36 {[%cal Rd7f6][%mdl 2048] Black is under pressure.} ({But not} 33. Nf7 $2 Bc5 $19) 33... Rf3 34. Qxe6 Bxg3 {[#]} 35. Nf8+ $1 {[%mdl 512]} Rxf8 36. hxg3 Qd3 37. Qb6 Rf3 38. Qxa5 Rxg3+ {Precision: White = 45%, Black = 59%.} 1/2-1/2

[Event "5th Nebesna Sotnya Rapid 2018"]
[Site "Lutsk"]
[Date "2018.02.18"]
[Round "10"]
[White "Budnikov, Oleg"]
[Black "Oleksienko, Mikhailo"]
[Result "1/2-1/2"]
[WhiteElo "2422"]
[BlackElo "2538"]
[Annotator "TA"]
[PlyCount "126"]
[EventDate "2018.??.??"]
[EventType "swiss"]
[EventCountry "UKR"]
[SourceTitle "playchess.com"]
[Source "ChessBase"]
[SourceQuality "1"]

{[%evp 17,126,-2,22,19,19,16,13,16,19,11,13,7,12,0,32,24,35,7,69,75,61,0,12,-17,-18,-22,-25,-21,-25,-21,2,-37,34,-16,-20,-36,-31,-37,0,-42,-48,-46,0,-79,-64,-111,-112,-195,-216,-195,-181,-194,0,-221,-232,-229,-215,-202,-201,-415,-374,-635,-631,-554,-442,-379,-281,-1256,-740,-710,-301,-302,-291,-308,-281,-379,-182,-175,-182,-198,-198,-198,-198,-287,-287,-287,0,-287,-279,-279,-279,-279,-279,-279,-279,-220,-18,-18,0,-18,0,0,0,0,0,0,0,0,0,0,0]} 1. Nf3 Nf6 2. g3 g6 3. Bg2 Bg7 4. O-O O-O 5. c4 d6 6. Nc3 Nc6 7. d3 e5 8. Rb1 a5 9. a3 Bg4 10. h3 {A26: English Opening vs King's Indian with ...Nc6 and d3} Be6 11. Ng5 Bd7 12. b4 axb4 13. axb4 h6 14. Nge4 Nxe4 15. Nxe4 f5 $146 ({Predecessor:} 15... Nd4 16. Nc3 c6 17. Bd2 Qc7 {1-0 (40) Burgess,M (2335)-Koch,J Groningen 1986}) 16. Nc3 f4 17. e3 f3 ({Better is} 17... Ne7 $11) 18. Bxf3 $14 Bxh3 19. Bg2 Qd7 20. b5 Nd8 {[%cal Bc6d8,Bd8e6,Be6d4][%mdl 32]} 21. Nd5 Bxg2 22. Kxg2 Ne6 23. e4 Nd4 24. f3 c6 (24... Rf7 $15) 25. bxc6 (25. Nb6 $5 {[%cal Rb6d7]} Ra2+ 26. Rb2 Rxb2+ 27. Bxb2 $11) 25... bxc6 26. Nc3 h5 $36 {[%mdl 2048] Black has some pressure.} 27. Be3 Ra3 28. Qc1 (28. Bxd4 $5 exd4 29. Ne2 $11) 28... Rfa8 29. Rb2 Kh7 30. Rbf2 (30. Qd2 $11) 30... Qd8 31. Rh1 Qa5 32. Bxd4 (32. Ne2 $17 {might work better.}) 32... exd4 $19 33. Ne2 Rxd3 34. Nf4 Rb3 $2 (34... Ra3 $19 {aiming for ...Qa7.} 35. Qb1 Qg5) 35. Ne6 $2 (35. e5 $1 $11 d3 36. exd6) 35... Qe5 36. Ng5+ Kg8 37. f4 Qe7 38. e5 $2 (38. c5 Rc3 39. cxd6 Qxd6 40. Qb1) 38... Raa3 39. Rh3 $2 (39. Nf3) 39... dxe5 40. c5 {intending Qc4+.} Rc3 41. Qb1 e4 42. Nxe4 $2 (42. Qxe4 Qxe4+ 43. Nxe4) 42... Rcb3 43. Qc2 d3 (43... Rb4 $142 {...d3 is the strong threat.} 44. Nd6 d3) 44. Qc4+ Qf7 $1 {[%cal Rf7c4]} 45. Qxf7+ Kxf7 46. f5 Rb2 (46... Bd4 $142 47. fxg6+ Kxg6) 47. Nd6+ Ke7 48. Rxb2 Bxb2 {[%mdl 4096] Endgame KRB-KRN} 49. Nc4 Ra2 {Hoping for ...Bd4+.} ({Worse is} 49... gxf5 50. Nxa3 Bxa3 51. Rh1 $11) 50. Kf3 (50. Nxb2 $142 Rxb2+ 51. Kf3) 50... Bd4 51. fxg6 {[#]} Rf2+ $1 52. Ke4 d2 53. Rh1 {[#]} Re2+ $1 ({Less strong is} 53... Bxc5 54. Kd3 $17) 54. Kxd4 Re1 55. Nxd2 Rxh1 {KR-KN} 56. Ke5 Rd1 $2 (56... Re1+ $19 57. Kf5 Kf8) 57. Ne4 $11 {The position is equal.} Rd5+ 58. Kf4 Kf8 {Strongly threatening ...Kg7.} 59. Nf6 Rd3 60. Nxh5 Rc3 61. Kg5 Rxc5+ 62. Kh6 {[#]} Rxh5+ $1 {[%mdl 512]} 63. Kxh5 c5 {Precision: White = 47%, Black = 43%.} 1/2-1/2

[Event "5th Nebesna Sotnya Rapid 2018"]
[Site "Lutsk"]
[Date "2018.02.18"]
[Round "10"]
[White "Bordovsky, Vladimir"]
[Black "Bortnyk, Mykola"]
[Result "0-1"]
[WhiteElo "2380"]
[BlackElo "2432"]
[Annotator "TA"]
[PlyCount "126"]
[EventDate "2018.??.??"]
[EventType "swiss"]
[EventCountry "UKR"]
[SourceTitle "playchess.com"]
[Source "ChessBase"]
[SourceQuality "1"]

{[%evp 23,126,51,28,44,47,43,59,34,60,58,67,-34,-13,-34,9,-15,-15,-41,-31,-38,0,-94,-77,-66,-71,-73,-90,-81,-77,-141,-16,-70,-3,-78,-72,-104,-83,-97,0,0,0,0,1,-34,-34,-45,-42,-50,-56,-184,-162,-479,-457,-454,-458,-406,-435,-426,-376,-390,-53,-54,-56,-118,-110,-104,-103,-111,-114,-143,-177,-163,-171,-165,-130,-128,0,-176,-165,-479,-443,-353,-324,-561,-441,-431,-401,-849,-788,-8200,-10411,-12837,-10409,-12837,-12837,-12838,-12838,-12839,-12839,-12839,-12840,-12840,-12839,-6618,-12837]} 1. Nf3 c5 2. e4 d6 3. d4 cxd4 4. Nxd4 Nf6 5. Nc3 g6 6. f3 Bg7 7. Be3 a6 8. Qd2 h5 {B75: Sicilian Dragon: Yugoslav Attack, Miscellaneous} (8... Nbd7 9. a4 Ne5 10. Be2 Bd7 11. a5 Rc8 12. g4 Nc4 13. Bxc4 Rxc4 14. g5 Nh5 15. Nd5 O-O 16. Nb6 Rc7 {0-1 (67) Bacrot,E (2725)-Adhiban,B (2655) Riadh 2017}) 9. Bc4 b5 10. Bb3 Bb7 11. O-O-O Nbd7 12. Kb1 Rc8 {LiveBook: 5 Games} 13. h3 h4 14. Qf2 $146 ({Predecessor:} 14. Rhe1 Rh5 15. Nde2 a5 16. Nf4 Re5 17. Nd3 Rh5 18. Nf4 Re5 19. Nd3 Rh5 20. Nf4 {½-½ (20) Pitl,G (2380)-Kulaots,K (2550) Gausdal 2006}) 14... Rh5 15. Rhe1 Kf8 16. Nde2 b4 17. Nd5 (17. Na4 $14) 17... Nxd5 (17... Bxd5 $5 18. exd5 Qc7 $11) 18. exd5 Nc5 19. g4 hxg3 $1 20. Nxg3 Rxh3 21. f4 Qc7 22. Rg1 (22. f5 $11 Nxb3 23. fxg6 Qxc2+ 24. Qxc2 Rxc2 25. Kxc2 Na1+ 26. Rxa1 Rxg3 27. Rad1) 22... Rxg3 23. Rxg3 Ne4 $1 {[%csl LRf2,LRg3]} 24. Qg2 Nxg3 25. Qxg3 Qd7 $1 26. Bd4 (26. Qf2 $142) 26... a5 (26... Bxd4 $17 27. Rxd4 a5) 27. Qd3 (27. Qe3 $11) 27... a4 (27... Bf6 $15) 28. Bc4 (28. Bxg7+ $1 $11 Kxg7 29. Qd4+ f6 30. Bc4) 28... Qg4 $17 29. Bxg7+ Kxg7 30. Qd4+ {[#]} f6 (30... Kg8 $1 $17 {White must now prevent ...Rxc4!} 31. Rf1 a3) 31. Re1 $11 Kf7 32. Qe3 Rc7 $132 {[%mdl 2048] Black has counterplay} 33. b3 axb3 34. axb3 Bc8 $1 35. Qb6 $1 {[%cal Rb6c7]} Rb7 36. Qd8 (36. Qc6 $15) 36... Qh4 $19 37. Rf1 $2 (37. Rc1 {nothing else works.} Bf5 38. Rf1) 37... Bf5 {Threatens to win with ...Bxc2+!} 38. Qa8 Rc7 39. Qa5 {[#]} Rxc4 $1 {[%mdl 512]} 40. bxc4 {[%mdl 4096] Endgame KQR-KQB} Qh3 41. Rc1 b3 $2 (41... Qb3+ $19 42. Ka1 Qxc4) 42. Kb2 $1 $15 bxc2 {aiming for ...Qe3.} 43. Qc3 ({Better is} 43. c5 $15) 43... Qh2 44. Qe3 Qh8 45. Kc3 Qa8 46. Kd2 Qa5+ 47. Ke2 Qb4 48. Qd4 Qb3 49. Kd2 Qb4+ (49... Qb1 $17 50. Qe3 Qa2) 50. Qc3 $2 {[#]} (50. Ke2 $1 $11 {and White has nothing to worry.}) 50... Qc5 $1 $19 {[%cal Rc5f2]} 51. Re1 $2 (51. Ke2) 51... Qf2+ 52. Kc1 {intending Qe3.} Qxf4+ 53. Kb2 $2 (53. Qe3 {was the only chance.} Qxe3+ 54. Rxe3) 53... Qf2 54. c5 dxc5 55. Rc1 (55. d6 $142 exd6 56. Qb3+ c4 57. Qxc4+ Kg7 58. Qc7+ Kh6 59. Qc3) 55... Qd4 {Black is clearly winning.} 56. Qxd4 cxd4 {[%cal Bc5d4,Bd4d3][%mdl 32] KR-KB} 57. Kb3 Bd3 58. Kb4 Be4 59. Kc4 d3 {( -> ...d2)} 60. Kc3 g5 {[%cal Bg6g5,Bg5g4][%mdl 32]} 61. Re1 f5 62. Kd2 Kf6 63. Ra1 g4 {Precision: White = 28%, Black = 52%.} 0-1

[Event "5th Nebesna Sotnya Rapid 2018"]
[Site "Lutsk"]
[Date "2018.02.18"]
[Round "10"]
[White "Solovchuk, Oleksiy"]
[Black "Stupak, Kirill"]
[Result "0-1"]
[WhiteElo "2364"]
[BlackElo "2559"]
[Annotator "TA"]
[PlyCount "58"]
[EventDate "2018.??.??"]
[EventType "swiss"]
[EventCountry "UKR"]
[SourceTitle "playchess.com"]
[Source "ChessBase"]
[SourceQuality "1"]

{[%evp 27,58,54,87,-9,3,0,0,-21,-19,-100,-91,-100,-97,-99,-101,-141,-141,-175,-76,-86,-89,-91,-85,-200,-200,-652,-645,-610,-606,-760,-756,-740,-742]} 1. c4 g6 2. Nc3 Bg7 3. g3 c5 4. Bg2 Nc6 5. d3 e6 6. Nf3 Nge7 7. O-O d5 8. Bg5 h6 9. Bd2 O-O 10. a3 {A37: Symmetrical English vs ...g6: 4 Bg2 Bg7 5 Nf3} b6 11. Rb1 Bb7 (11... a5 12. Qc1 Kh7 13. Rd1 Bb7 14. Na4 e5 15. e3 d4 16. Qc2 dxe3 17. fxe3 Rb8 {½-½ (65) Pantsulaia,L (2595)-Safarli,E (2653) Warsaw 2013}) 12. Qc1 Kh7 13. b4 cxb4 14. axb4 Rc8 {LiveBook: 4 Games} 15. cxd5 (15. c5 $16) 15... exd5 16. b5 $146 ({Find the theoretical novelty and annotate with similar games:} 16. Qa3 Re8 {½-½ (59) Wilde,P (2253)-Kaufeld,J (2310) Germany 2013}) 16... d4 17. bxc6 (17. Ne4 $5 {[%cal Rb5c6]} Ne5 18. Qa3 $14) 17... Bxc6 18. Ne4 (18. Nxd4 $11 {keeps the balance.} Bxg2 19. Kxg2 Qxd4 20. Qa3) 18... Bxe4 $1 $17 19. Qa3 Bc6 20. Qxa7 Nd5 {[#] Threatens to win with ...Ra8.} 21. Qa3 Re8 22. Rbe1 b5 (22... Nc3 $19 {has better winning chances.} 23. Kh1 Nxe2) 23. e4 dxe3 24. fxe3 {[#]} b4 $1 {[%cal Bb5b4,Bb4b3][%mdl 544]} 25. Qa6 (25. Qb3 $17) (25. Bxb4 Nxe3) 25... Nc3 $19 26. Nh4 $2 (26. Bh3 f5 27. Nh4) 26... Bb5 {Black is clearly winning.} 27. Qb7 Re7 28. Qf3 Bxd3 29. Rf2 b3 {Precision: White = 20%, Black = 60%.} 0-1

[Event "5th Nebesna Sotnya Rapid 2018"]
[Site "Lutsk"]
[Date "2018.02.18"]
[Round "10"]
[White "Matviishen, Viktor"]
[Black "Gritsak, Orest"]
[Result "1/2-1/2"]
[WhiteElo "2336"]
[BlackElo "2469"]
[Annotator "TA"]
[PlyCount "33"]
[EventDate "2018.??.??"]
[EventType "swiss"]
[EventCountry "UKR"]
[SourceTitle "playchess.com"]
[Source "ChessBase"]
[SourceQuality "1"]

{[%evp 30,33,4,0,6,0]} 1. d4 Nf6 2. Nf3 g6 3. c4 Bg7 4. Nc3 d5 5. Bg5 Ne4 6. Bf4 Nxc3 7. bxc3 c5 8. e3 cxd4 9. cxd4 Nc6 10. cxd5 Qxd5 11. Be2 O-O 12. O-O b6 {D80: Grünfeld: Unusual White 4th moves and 4 Bg5} (12... Bf5 13. Qa4 Qa5 14. Qxa5 Nxa5 15. Nd2 Rfc8 16. Rfc1 Rxc1+ 17. Rxc1 Rc8 18. Rxc8+ Bxc8 19. Bf3 Be6 20. a3 Ba2 {1-0 (54) Fedoseev,V (2658)-Xiong,J (2674) Saint Louis 2017}) 13. Rc1 Bb7 14. Bc4 Qf5 15. Bd3 Qd5 $146 ({Predecessor:} 15... Qa5 16. Be4 Rac8 17. Bb1 Rfd8 18. Qb3 Qb4 19. Qxb4 Nxb4 20. Bc7 {½-½ (47) Nilsson,A (2264)-Moberg,K (2327) Sweden 2007}) 16. Bc4 {LiveBook: 7 Games} Qf5 17. Bd3 1/2-1/2

[Event "5th Nebesna Sotnya Rapid 2018"]
[Site "Lutsk"]
[Date "2018.02.18"]
[Round "11"]
[White "Oleksienko, Mikhailo"]
[Black "Simantsev, Mikhail"]
[Result "1/2-1/2"]
[WhiteElo "2538"]
[BlackElo "2418"]
[Annotator "TA"]
[PlyCount "92"]
[EventDate "2018.??.??"]
[EventType "swiss"]
[EventCountry "UKR"]
[SourceTitle "playchess.com"]
[Source "ChessBase"]
[SourceQuality "1"]

{[%evp 23,92,9,42,42,43,45,47,47,47,39,47,52,52,43,68,64,68,61,75,76,80,85,92,84,98,98,96,70,87,100,102,98,95,15,100,38,57,18,25,6,10,10,17,0,0,0,0,0,0,0,0,0,0,0,0,0,0,0,0,0,0,0,0,0,0,0,0,0,0,0,66]} 1. e4 e5 2. Nf3 Nc6 3. Bb5 a6 4. Bxc6 dxc6 5. O-O f6 6. d4 exd4 7. Nxd4 c5 8. Ne2 Qxd1 9. Rxd1 Bd7 10. Nbc3 O-O-O 11. Be3 b6 {C69: Ruy Lopez: Exchange Variation with 5 0-0 f6} 12. a4 a5 {LiveBook: 6 Games} 13. Nb5 $146 ({Predecessor:} 13. Rd2 Bd6 14. Rad1 Ne7 15. Bf4 Bxf4 16. Nxf4 g6 17. Nfd5 Nc6 18. Nxf6 Be6 19. Nfd5 Rd7 20. Ne3 Nd4 21. f3 c6 22. Kf2 b5 23. e5 Bf5 24. axb5 Nxb5 25. Rxd7 Bxd7 26. Na4 {1-0 (26) Solak,D (2567)-Popov,S (2455) Vrnjacka Banja 2010}) 13... Bxb5 {White is slightly better.} 14. Rxd8+ Kxd8 15. axb5 Bd6 16. Rd1 Ne7 17. f4 Kc8 18. c4 Re8 19. Nc3 Kb7 20. Kf2 Nc8 21. Kf3 c6 22. g4 Re7 23. h4 Bc7 24. bxc6+ Kxc6 25. Nd5 Rd7 26. g5 Bd8 27. gxf6 gxf6 28. b3 ({Better is} 28. h5 $16) 28... Nd6 (28... a4 $11 {remains equal.}) 29. Nc3 (29. h5 $16) 29... f5 30. h5 fxe4+ 31. Nxe4 Nf5 {The position is equal.} 32. Rxd7 Kxd7 $11 {[%mdl 4096] Endgame KBN-KBN} 33. Ng3 Ke6 34. Nxf5 Kxf5 {KB-KB} 35. Bf2 Bc7 36. Bh4 Bxf4 37. Bd8 Bd2 38. Bxb6 Bb4 39. Bd8 Be1 40. Be7 Bb4 41. Bh4 Bc3 42. Bf2 Bb4 43. Be3 Ba3 44. Bd2 Bb4 45. Be3 Ba3 46. Bd2 Ke5 {Precision: White = 74%, Black = 60%.} (46... Bb4 $11 47. Bh6 Ke5) 1/2-1/2

[Event "5th Nebesna Sotnya Rapid 2018"]
[Site "Lutsk"]
[Date "2018.02.18"]
[Round "11"]
[White "Gritsak, Orest"]
[Black "Yarmysty, Mikhail"]
[Result "1/2-1/2"]
[WhiteElo "2469"]
[BlackElo "2308"]
[Annotator "TA"]
[PlyCount "79"]
[EventDate "2018.??.??"]
[EventType "swiss"]
[EventCountry "UKR"]
[SourceTitle "playchess.com"]
[Source "ChessBase"]
[SourceQuality "1"]

{[%evp 15,79,33,43,9,21,20,14,12,55,32,25,0,0,0,20,-9,-7,-19,-23,-20,0,-17,-2,-2,-2,0,-1,-6,-5,-5,0,-14,-19,-19,-19,-33,-29,-35,-4,-3,-6,-22,0,-16,0,0,0,0,0,0,0,0,0,0,0,0,0,0,0,0,0,0,0,0,0,0]} 1. d4 d6 2. g3 g6 3. Bg2 Bg7 4. Nf3 e5 5. dxe5 dxe5 6. Qxd8+ Kxd8 7. Nc3 c6 {A41: 1 d4 d6: Tartakower System and Modern Defence} 8. Ng5 Nh6 {LiveBook: 3 Games} 9. b3 $146 ({Predecessor:} 9. f4 f6 10. Nf3 Nf7 11. fxe5 fxe5 12. Ng5 Nxg5 13. Bxg5+ Kc7 14. O-O-O Be6 15. Be7 {1-0 (47) Dautov,R (2623)-Burkart,P (2338) Germany 2005}) 9... f6 10. Nge4 {Nd6 is the strong threat.} Nf7 11. Ba3 Bf5 12. O-O-O+ Nd7 13. Rd2 Kc7 14. Rhd1 Bf8 15. Bxf8 Rhxf8 16. Nd6 Nxd6 17. Rxd6 {[#] Hoping for e4.} Nb6 18. R6d2 Rad8 (18... Rae8 {looks sharper.} 19. Kb2 Re7 20. e4 Bg4 21. f3 Be6) 19. Rxd8 Rxd8 20. Rxd8 Kxd8 $11 {[%mdl 4096] Endgame KBN-KBN} 21. Kd2 Ke7 22. Nd1 Nd7 23. Ne3 Be6 24. h4 h6 25. a3 f5 26. Nd1 g5 27. hxg5 {The position is equal.} hxg5 28. Nc3 Kf6 29. e3 e4 30. g4 Ke5 31. gxf5 Bxf5 32. Ne2 Nf6 33. Ng3 Bg4 34. Bf1 Be6 35. Be2 Bg4 36. Bc4 Be6 37. Be2 Bg4 38. Bc4 Be6 39. Be2 Bg4 40. Bc4 {Precision: White = 62%, Black = 59%.} 1/2-1/2

[Event "5th Nebesna Sotnya Rapid 2018"]
[Site "Lutsk"]
[Date "2018.02.18"]
[Round "11"]
[White "Bortnyk, Mykola"]
[Black "Budnikov, Oleg"]
[Result "1-0"]
[WhiteElo "2432"]
[BlackElo "2422"]
[Annotator "TA"]
[PlyCount "68"]
[EventDate "2018.??.??"]
[EventType "swiss"]
[EventCountry "UKR"]
[SourceTitle "playchess.com"]
[Source "ChessBase"]
[SourceQuality "1"]

{[%evp 29,68,39,114,27,198,167,225,127,516,130,164,156,265,265,893,756,695,621,1051,1033,1680,768,1565,1583,1240,943,919,906,904,889,889,824,1342,764,1249,1102,12838,1582,1435,1387,1099]} 1. e4 c5 2. c3 e6 3. d4 d5 4. exd5 Qxd5 5. Nf3 Nf6 6. Be3 cxd4 7. cxd4 Nc6 8. Nc3 Qd6 9. Bd3 Be7 10. O-O O-O 11. a3 b6 12. Qe2 Bb7 13. Rad1 Rac8 14. Rfe1 Rfd8 15. Bb1 Qb8 {LiveBook: 15 Games} ({Black should try} 15... Na5 $14) 16. h3 {B22: Sicilian: 2 c3} (16. Bg5 $16) 16... Qa8 $2 (16... h6 $11 {and Black has nothing to worry.}) (16... g6 17. Ba2 Na5 18. Bg5 Qd6 19. Ne5 Bd5 20. Bxd5 Nxd5 21. Nb5 Bxg5 22. Nxd6 Rxd6 23. Qf3 Rc7 24. h4 Bf6 25. Rc1 {1-0 (25) Bortnyk,M (2428)-Grekh,A (2395) Lutsk 2017}) 17. Bg5 $146 {Threatens to win with d5!} ({Predecessor:} 17. Ba2 h6 18. d5 exd5 19. Nxd5 Nxd5 20. Bxd5 Bf6 21. Rd2 Na5 22. Bxb7 Qxb7 {½-½ (57) Eisenbeiser,K-Vatter,H (2265) Hassloch 1997}) 17... Na5 {[#]} (17... Re8 $142) 18. d5 $1 {[%mdl 512]} Rxc3 $4 {[%mdl 8192]} (18... Bxd5 $16 {is tougher.} 19. Nxd5 Rxd5) 19. bxc3 $2 (19. dxe6 $18 {and the rest is easy.} Rc7 20. exf7+ Kxf7 21. Ba2+ Kf8 22. Nd4 Rxd4 23. Rxd4) 19... Bxd5 {[#]} 20. Ne5 $1 {Hoping for c4.} Qb7 (20... Bb3 $16 {was called for.}) 21. c4 Bxg2 $2 (21... Bc6 22. Bxf6 Bxf6 23. Rxd8+ Bxd8) 22. Rxd8+ {White is clearly winning.} Bxd8 23. Qd3 Be7 24. Bxf6 Bxf6 25. Qxh7+ Kf8 26. Rd1 {Intending Qh8+ and mate.} Bd5 27. cxd5 {Threatening mate with Qh8+.} Bxe5 28. d6 Bxd6 29. Rxd6 {White threatens Qh8+ and mate.} Qc7 30. Rd1 Nc4 31. Qh8+ Ke7 32. Qh4+ f6 33. Rc1 b5 34. Ba2 Qd8 {Precision: White = 48%, Black = 24%.} 1-0